[Event "BCF-chT3Sa 1920 (4NCL)"]
[Site "England"]
[Date "2020.02.08"]
[Round "5.45"]
[White "George, Andrew"]
[Black "Sheard, Jack"]
[Result "0-1"]
[WhiteElo "1975"]
[BlackElo "1870"]
[PlyCount "64"]
[EventDate "2019.11.09"]
[EventType "team-tourn"]
[EventRounds "11"]
[EventCountry "ENG"]
[SourceTitle "EXT 2023"]
[Source "ChessBase"]
[SourceDate "2022.10.05"]
[SourceVersion "1"]
[SourceVersionDate "2022.10.05"]
[SourceQuality "1"]
[WhiteTeam "Ashfield"]
[BlackTeam "Surbiton"]
[WhiteTeamCountry "ENG"]
[BlackTeamCountry "ENG"]

1. g3 Nf6 2. Bg2 g6 3. c4 Bg7 4. Nc3 0-0 5. e4 d6 6. d3 c5 7. Nge2 Nc6 8. 0-0 Rb8 9. h3 Ne8 10. Kh2 a6 11. a4 Nc7 12. f4 f5 13. Nd5 b5 14. axb5 axb5 15. Nxc7 Qxc7 16. Nc3 Nd4 17. exf5 gxf5 18. Re1 e6 19. Be3 bxc4 20. Ra2 cxd3 21. Qxd3 Qb6 22. Rea1 Nb3 23. Rd1 d5 24. Na4 Qb4 25. Bf2 Bd7 26. Be1 Qb5 27. Qxb5 Bxb5 28. Nc3 Bc4 29. Ra7 Rf7 30. Rxf7 Kxf7 31. Bf2 Nd4 32. Na4 Bb3 0-1

[Event "BCF-chT4S 1920 (4NCL)"]
[Site "England"]
[Date "2020.01.11"]
[Round "3.131"]
[White "Sanfey, Peter"]
[Black "Sheard, Jack"]
[Result "0-1"]
[WhiteElo "1485"]
[BlackElo "1847"]
[PlyCount "66"]
[EventDate "2019.11.09"]
[EventType "team-swiss"]
[EventRounds "11"]
[EventCountry "ENG"]
[SourceTitle "EXT 2022"]
[Source "ChessBase"]
[SourceDate "2021.10.06"]
[SourceVersion "1"]
[SourceVersionDate "2021.10.06"]
[SourceQuality "1"]
[WhiteTeam "Barnet Knights IV"]
[BlackTeam "Surbiton II"]
[WhiteTeamCountry "ENG"]
[BlackTeamCountry "ENG"]

1. e4 Nf6 2. Nc3 d5 3. e5 d4 4. exf6 dxc3 5. bxc3 gxf6 6. d4 Bf5 7. Bd3 Bg6 8. Rb1 Qc8 9. Nf3 e6 10. 0-0 Bd6 11. Bh6 Nd7 12. Re1 c6 13. c4 Qc7 14. g3 Rg8 15. c5 Be7 16. Bf4 e5 17. dxe5 Bxd3 18. Qxd3 0-0-0 19. exf6 Qxf4 20. g4 Qxg4+ 21. Kf1 Bxc5 22. Qb3 Qg2+ 23. Ke2 Qxf2+ 24. Kd3 Qxf3+ 25. Kd2 Qf2+ 26. Re2 Nb6+ 27. Kc1 Rg1+ 28. Kb2 Rxb1+ 29. Kxb1 Qf1+ 30. Kb2 Bd4+ 31. Ka3 Qxe2 32. Qxf7 Qa6+ 33. Kb3 Qa4# 0-1

[Event "Basingstoke Spring Bank op U1825 2nd"]
[Site "Basingstoke"]
[Date "2019.05.26"]
[Round "4.5"]
[White "Sheard, Jack"]
[Black "Brockes, Jeremy P"]
[Result "1-0"]
[WhiteElo "1392"]
[BlackElo "1500"]
[PlyCount "137"]
[EventDate "2019.05.24"]
[EventType "swiss"]
[EventRounds "7"]
[EventCountry "ENG"]
[SourceTitle "EXT 2023"]
[Source "ChessBase"]
[SourceDate "2022.10.05"]
[SourceVersion "1"]
[SourceVersionDate "2022.10.05"]
[SourceQuality "1"]

1. Nf3 Nf6 2. c4 g6 3. b4 d6 4. Bb2 e5 5. g3 Bg7 6. Bg2 0-0 7. 0-0 a5 8. a3 h6 9. Qb3 a4 10. Qc2 Bf5 11. d3 Nc6 12. Nc3 Qd7 13. b5 Ne7 14. Nxa4 e4 15. Nd4 exd3 16. exd3 Bxd3 17. Qxd3 Rxa4 18. Bxb7 Ng4 19. Qb3 Ra7 20. Bg2 Ne5 21. a4 Qg4 22. h3 Qc8 23. Rfe1 g5 24. b6 cxb6 25. Nb5 Rd7 26. Nxd6 Rxd6 27. Bxe5 Bxe5 28. Rxe5 Ng6 29. Rb5 Qd8 30. Re1 Qf6 31. Qb2 Qxb2 32. Rxb2 Rc8 33. Bd5 Kf8 34. Reb1 Ne5 35. Rxb6 Nxc4 36. Rb8 Rdd8 37. Rxc8 Rxc8 38. Rb7 Rc5 39. Rxf7+ Ke8 40. Bxc4 Rxc4 41. Ra7 Kf8 42. Kg2 Kg8 43. Kf3 Kf8 44. g4 Rc3+ 45. Kg2 Kg8 46. f3 Rc2+ 47. Kg3 Rc3 48. a5 Ra3 49. a6 Kf8 50. Ra8+ Kg7 51. a7 Kf7 52. h4 Kg7 53. hxg5 hxg5 54. Kf2 Kh7 55. Ke2 Kg7 56. Kd2 Kh7 57. Kc2 Kg7 58. Kb2 Ra4 59. Kb3 Ra6 60. Kb4 Ra1 61. Kc5 Kh7 62. Kd6 Kg7 63. Ke6 Ra2 64. Kf5 Ra5+ 65. Ke6 Ra1 66. Re8 Ra6+ 67. Kf5 Rxa7 68. Kxg5 Ra5+ 69. Kf4 1-0

[Event "BCF-chT3Sb 1819 (4NCL)"]
[Site "England"]
[Date "2019.04.13"]
[Round "7.66"]
[White "Sheard, Jack"]
[Black "Towers, Nigel S"]
[Result "0-1"]
[WhiteElo "1720"]
[BlackElo "1822"]
[PlyCount "168"]
[EventDate "2018.11.17"]
[EventType "team-tourn"]
[EventRounds "7"]
[EventCountry "ENG"]
[SourceTitle "EXT 2021"]
[Source "ChessBase"]
[SourceDate "2020.10.23"]
[SourceVersion "1"]
[SourceVersionDate "2020.10.23"]
[SourceQuality "1"]
[WhiteTeam "Surbiton"]
[BlackTeam "CSC"]
[WhiteTeamCountry "ENG"]
[BlackTeamCountry "ENG"]

1. Nf3 Nf6 2. c4 e6 3. g3 d5 4. Bg2 Be7 5. 0-0 0-0 6. b3 c6 7. Bb2 Nbd7 8. d4 Ne4 9. Nfd2 Nxd2 10. Nxd2 b6 11. e4 Bb7 12. Qe2 Rc8 13. Rfd1 dxe4 14. Nxe4 Nf6 15. Ng5 Qd7 16. Bh3 Bd6 17. Re1 Rce8 18. Rad1 Bb4 19. Rf1 h6 20. Nf3 Bd6 21. Ne5 Qc7 22. Rfe1 Bb4 23. Rf1 Bd6 24. Qe3 Nh7 25. c5 Bxe5 26. dxe5 Rd8 27. Rd6 bxc5 28. Rfd1 Qb6 29. Ba3 Rxd6 30. Rxd6 c4 31. Qxb6 axb6 32. Rd7 Ra8 33. Bb4 Ba6 34. Bg2 cxb3 35. axb3 Bb5 36. Be4 f5 37. Bf3 Ra1+ 38. Kg2 Bf1+ 39. Kg1 Bh3+ 40. Rd1 Rxd1+ 41. Bxd1 Ng5 42. f4 Ne4 43. Bf3 c5 44. Be1 Kf7 45. Bxe4 fxe4 46. Kf2 Ke7 47. b4 Kd7 48. bxc5 bxc5 49. Ke3 Bf5 50. Bf2 h5 51. Kd2 Kc6 52. Kc3 Kb5 53. Be3 Bg4 54. Bf2 Bh3 55. Be3 g6 56. Bf2 Bf1 57. Be3 Kc6 58. Bf2 Kd5 59. Be3 Bb5 60. Bf2 Bf1 61. Be3 Be2 62. Bf2 c4 63. Be3 Bf1 64. Kb4 Be2 65. Kc3 Bd1 66. Kb4 Be2 67. Kc3 Kc6 68. Kb4 Bf1 69. Ka4 Be2 70. Kb4 Kc7 71. Ka4 Kb7 72. Kb4 Ka6 73. Ka4 Bd1+ 74. Kb4 Bb3 75. Kc5 Ka5 76. Kd4 Kb4 77. Bd2+ Ka3 78. Kxe4 Bc2+ 79. Kd4 Kb3 80. Bc3 Bd3 81. Be1 Kc2 82. Ke3 Bf5 83. Ke2 c3 84. Ke3 Kb2 0-1

[Event "London Classic U1825 op 10th"]
[Site "London"]
[Date "2018.12.15"]
[Round "2"]
[White "Sheard, Jack"]
[Black "Chan, Sheng Liang Bernard"]
[Result "0-1"]
[WhiteElo "1652"]
[BlackElo "1745"]
[PlyCount "100"]
[EventDate "2018.12.14"]
[EventType "swiss"]
[EventRounds "5"]
[EventCountry "ENG"]
[SourceTitle "CBM 187 Extra"]
[Source "ChessBase"]
[SourceDate "2018.11.04"]
[SourceVersion "1"]
[SourceVersionDate "2018.11.04"]
[SourceQuality "1"]

1. b3 e5 2. Bb2 Nc6 3. e3 Nf6 4. Bb5 d6 5. Ne2 Bd7 6. f4 e4 7. Nbc3 d5 8. d3 Bc5 9. Qd2 exd3 10. cxd3 Qe7 11. Nd1 0-0 12. Bxc6 Bxc6 13. 0-0 Ng4 14. Nd4 Bd7 15. Rf3 f6 16. Rg3 Nh6 17. Rc1 Rac8 18. Nf2 Rfe8 19. e4 dxe4 20. dxe4 Rcd8 21. Qa5 b6 22. Qc3 Bxd4 23. Qxd4 Nf5 24. Qc4+ Be6 25. Qc3 Nxg3 26. Qxg3 Rd2 27. Bc3 Rxa2 28. f5 Rxf2 29. Kxf2 Bxb3 30. Bxf6 Qxf6 31. Qxb3+ Qf7 32. Qa4 c5 33. Kf3 Rd8 34. Rd1 Qh5+ 35. g4 Qh3+ 36. Kf2 Qxh2+ 37. Kf3 Qh3+ 38. Kf2 Qh4+ 39. Kf3 h6 40. e5 Qh3+ 41. Kf2 Qh2+ 42. Kf3 Rf8 43. e6 h5 44. e7 Qh3+ 45. Kf2 Qh4+ 46. Kg2 Qxe7 47. Rd7 Qe2+ 48. Kh1 Qxg4 49. Qxa7 Rxf5 50. Qc7 Qh3+ 0-1

[Event "London Classic op U1750 9th"]
[Site "London"]
[Date "2017.12.04"]
[Round "1"]
[White "Stoyanov, Boris"]
[Black "Sheard, Jack"]
[Result "0-1"]
[WhiteElo "1316"]
[BlackElo "1592"]
[PlyCount "64"]
[EventDate "2017.12.04"]
[EventType "swiss"]
[EventRounds "5"]
[EventCountry "ENG"]
[SourceTitle "CBM 182 Extra"]
[Source "ChessBase"]
[SourceDate "2018.02.23"]
[SourceVersion "1"]
[SourceVersionDate "2018.02.23"]
[SourceQuality "1"]

1. d4 g6 2. c4 Bg7 3. Nc3 d6 4. Bf4 a5 5. e3 f5 6. Nf3 Nd7 7. Bd3 e5 8. Bg5 Ngf6 9. Bc2 0-0 10. d5 h6 11. Bxf6 Bxf6 12. 0-0 e4 13. Nd4 Ne5 14. Qe2 c5 15. Ndb5 Bg7 16. a4 Rf6 17. b3 g5 18. Bd1 g4 19. Qd2 Rg6 20. Ne2 Nf3+ 21. gxf3 gxf3+ 22. Ng3 Bxa1 23. Kh1 Be5 24. Rg1 Qh4 25. Qe1 Rg5 26. Qf1 f4 27. Nxe4 Bg4 28. Nxg5 hxg5 29. e4 Kg7 30. Nc7 Rh8 31. Rg2 fxg2+ 32. Qxg2 f3 0-1